000 00782cam a22002531 4500
001 4006
003 BD-RjUL
005 20211208233822.0
008 131221r19691815nyu 000 0 eng
020 _a0837123623
035 _a(BD-RjUL)4040
040 _aDLC
_cDLC
_dDLC
_dBD-RjUL
_beng
041 _aeng
082 0 0 _a333.5
_bMAI 1969
100 1 _aMalthus, T. R.
_q(Thomas Robert),
_d1766-1834.
_912756
245 1 3 _aAn inquiry into the nature and progress of rent,
_band the principles by which it is regulated. /
_cby T. R. Malthus
260 _aNew York :
_bGreenwood Press,
_c1815 [reprinted1969].
300 _a61 p. ;
_c23 cm.
500 _aOriginally published in 1815.
650 0 _aRent.
_912757
942 _2ddc
_cBK
999 _c4006
_d4006